[Event "British KO-ch Pre 2019"]
[Site "London"]
[Date "2019.11.30"]
[Round "4.2"]
[White "Fernandez, Daniel Howard"]
[Black "Haria, Ravi"]
[Result "1-0"]
[WhiteElo "2444"]
[BlackElo "2451"]
[Annotator "ChessBase"]
[PlyCount "131"]
[EventDate "2019.11.30"]
[EventType "k.o."]
[EventCountry "ENG"]
[SourceTitle "playchess.com"]
[Source "ChessBase"]
[SourceQuality "1"]
[TimeControl "600+5"]

1. c4 {[%emt 0:00:15]} e6 {[%emt 0:00:00]} 2. g3 {[%emt 0:00:04]} d5 {[%emt 0:00:00]} 3. Bg2 {[%emt 0:00:03]} Nf6 {[%emt 0:00:14]} 4. Nf3 {[%emt 0:00:07]} d4 {[%emt 0:00:07]} 5. O-O {[%emt 0:00:10]} c5 {[%emt 0:00:01]} 6. b4 {[%emt 0:00:01]} a5 {[%emt 0:01:56]} 7. bxc5 {[%emt 0:00:21]} Bxc5 {[%emt 0:00:14]} 8. Ba3 {[%emt 0:00:15]} Qd6 {[%emt 0:00:33]} 9. Bxc5 {[%emt 0:00:28]} Qxc5 {[%emt 0:00:01]} 10. d3 {[%emt 0:00:02]} Nc6 {[%emt 0:00:38]} 11. Qa4 {[%emt 0:00:21]} O-O {[%emt 0:00:56]} 12. Nbd2 {[%emt 0:00:06]} e5 {[%emt 0:00:24]} 13. Qb5 {[%emt 0:00:10]} Qe7 {[%emt 0:00:15]} 14. Ne1 {[%emt 0:00:58]} a4 {[%emt 0:00:25]} 15. Nc2 {[%emt 0:00:40]} Ra5 {[%emt 0:00:40]} 16. Qb6 {[%emt 0:00:26]} Nd7 {[%emt 0:01:23]} 17. Qc7 {[%emt 0:00:14]} Nc5 {[%emt 0:01:37]} 18. Qxe7 {[%emt 0:00:04]} Nxe7 {[%emt 0:00:01]} 19. Rab1 {[%emt 0:00:24]} Bg4 {[%emt 0:00:48]} 20. Rfe1 {[%emt 0:00:10]} Ra7 {[%emt 0:00:38]} 21. h3 {[%emt 0:00:11]} Bd7 {[%emt 0:00:03]} 22. Rb6 {[%emt 0:02:08]} Bc6 {[%emt 0:00:07]} 23. Bxc6 {[%emt 0:00:35]} Nxc6 {[%emt 0:00:48]} 24. Reb1 {[%emt 0:00:13]} Rc8 {[%emt 0:00:00]} 25. R6b5 {[%emt 0:00:29]} Nb8 {[%emt 0:00:03]} 26. a3 Nbd7 {[%emt 0:00:06]} 27. Nb4 f6 {[%emt 0:00:05]} 28. Nd5 {[%emt 0:00:15]} Kf7 {[%emt 0:00:03]} 29. Kg2 {[%emt 0:00:07]} Rc6 {[%emt 0:00:03]} 30. g4 {[%emt 0:00:40]} g6 {[%emt 0:00:02]} 31. Nb6 {[%emt 0:00:53]} Nxb6 {[%emt 0:00:06]} 32. Rxb6 {[%emt 0:00:01]} Ra6 {[%emt 0:00:13]} 33. Rxa6 {[%emt 0:00:08]} Rxa6 {[%emt 0:00:04]} 34. Ne4 {[%emt 0:00:11]} Nb3 {[%emt 0:00:06]} 35. e3 {[%emt 0:00:13]} f5 {[%emt 0:00:04]} 36. Ng5+ {[%emt 0:00:04]} Kg7 {[%emt 0:00:08]} 37. exd4 {[%emt 0:00:11]} exd4 {[%emt 0:00:02]} 38. Re1 {[%emt 0:00:01]} Nc5 {[%emt 0:00:07]} 39. Nf3 {[%emt 0:00:26]} fxg4 40. hxg4 {[%emt 0:00:05]} Nxd3 {[%emt 0:00:08]} 41. Re7+ {[%emt 0:00:02]} Kf6 {[%emt 0:00:02]} 42. Rxh7 {[%emt 0:00:23]} Nf4+ {[%emt 0:00:01]} 43. Kh2 {[%emt 0:00:11]} Rd6 {[%emt 0:00:12]} 44. Rxb7 {[%emt 0:00:23]} d3 {[%emt 0:00:01]} 45. Nd2 {[%emt 0:00:02]} Rd4 {[%emt 0:00:09]} 46. Kg3 {[%emt 0:00:12]} g5 {[%emt 0:00:09]} 47. Rb6+ {[%emt 0:00:03]} Kg7 {[%emt 0:00:02]} 48. Rb5 {[%emt 0:00:04]} Kg6 {[%emt 0:00:03]} 49. Kf3 {[%emt 0:00:03]} Ne6 {[%emt 0:00:04]} 50. Ra5 {[%emt 0:00:07]} Rf4+ {[%emt 0:00:07]} 51. Ke3 {[%emt 0:00:03]} Rxg4 {[%emt 0:00:06]} 52. Kxd3 {[%emt 0:00:06]} Rd4+ {[%emt 0:00:06]} 53. Ke3 {[%emt 0:00:11]} Rd7 {[%emt 0:00:06]} 54. Ne4 {[%emt 0:00:11]} Rb7 {[%emt 0:00:03]} 55. Rb5 {[%emt 0:00:07]} Rh7 {[%emt 0:00:04]} 56. Rb6 {[%emt 0:00:03]} Kf5 {[%emt 0:00:10]} 57. Rxe6 {[%emt 0:00:03]} Rh3+ {[%emt 0:00:03]} 58. f3 {[%emt 0:00:02]} g4 {[%emt 0:00:07]} 59. Rf6+ {[%emt 0:00:06]} Ke5 {[%emt 0:00:00]} 60. c5 {[%emt 0:00:06]} gxf3 {[%emt 0:00:06]} 61. Rxf3 {[%emt 0:00:08]} Rh4 {[%emt 0:00:01]} 62. Nf2 {[%emt 0:00:14]} Kd5 {[%emt 0:00:03]} 63. Nd3 {[%emt 0:00:02]} Rh1 {[%emt 0:00:05]} 64. Rf4 {[%emt 0:00:04]} Rh3+ {[%emt 0:00:05]} 65. Kd2 {[%emt 0:00:01]} Rh2+ {[%emt 0:00:12]} 66. Kc3 {[%emt 0:00:02]} 1-0

[Event "British KO-ch Pre 2019"]
[Site "London"]
[Date "2019.11.30"]
[Round "4.3"]
[White "Wadsworth, Matthew J"]
[Black "Claridge-Hansen, William"]
[Result "1-0"]
[WhiteElo "2401"]
[BlackElo "2290"]
[Annotator "NA"]
[PlyCount "97"]
[EventDate "2019.11.30"]
[EventType "k.o."]
[EventCountry "ENG"]
[SourceTitle "playchess.com"]
[Source "ChessBase"]
[SourceQuality "1"]
[TimeControl "600+5"]

1. g3 {[%emt 0:00:00]} c5 {[%emt 0:00:00]} 2. Bg2 {[%emt 0:00:02]} g6 {[%emt 0:00:00]} 3. e4 {[%emt 0:00:08]} Bg7 {[%emt 0:00:04]} 4. Ne2 {[%emt 0:00:02]} Nc6 {[%emt 0:00:06]} 5. c3 {[%emt 0:00:05]} e5 {[%emt 0:00:25]} 6. d3 {[%emt 0:00:13]} Nge7 {[%emt 0:00:09]} 7. Be3 {[%emt 0:00:13]} d6 {[%emt 0:00:01]} 8. Nd2 {[%emt 0:00:09]} O-O {[%emt 0:00:11]} 9. O-O {[%emt 0:00:09]} b6 {[%emt 0:01:03]} 10. f4 {[%emt 0:00:05]} d5 {[%emt 0:00:05]} 11. Nf3 {[%emt 0:01:21]} dxe4 {[%emt 0:00:46]} 12. dxe4 {[%emt 0:00:20]} Ba6 {[%emt 0:00:04]} 13. Kf2 {[%emt 0:01:25]} Bd3 {[%emt 0:01:34]} 14. Ne1 {[%emt 0:00:40]} Bc4 {[%emt 0:00:38]} 15. Qxd8 Raxd8 {[%emt 0:00:05]} 16. f5 {[%emt 0:01:51]} gxf5 17. exf5 {[%emt 0:00:01]} Bd5 {[%emt 0:01:41]} 18. g4 {[%emt 0:00:19]} e4 {[%emt 0:00:29]} 19. Nf4 {[%emt 0:00:30]} Ne5 {[%emt 0:00:02]} 20. h3 {[%emt 0:00:10]} Bc4 {[%emt 0:00:18]} 21. Rg1 {[%emt 0:00:38]} Bd3 {[%emt 0:01:22]} 22. Nexd3 {[%emt 0:01:03]} exd3 {[%emt 0:00:01]} 23. Be4 {[%emt 0:00:17]} Nc4 {[%emt 0:00:59]} 24. g5 {[%emt 0:00:32]} Be5 {[%emt 0:00:05]} 25. Nxd3 {[%emt 0:00:05]} Rfe8 {[%emt 0:00:23]} 26. Nxe5 {[%emt 0:00:31]} Nxe5 {[%emt 0:00:01]} 27. Rad1 {[%emt 0:00:11]} Nc4 {[%emt 0:00:27]} 28. Bc1 {[%emt 0:00:07]} Nd6 {[%emt 0:00:13]} 29. Rxd6 {[%emt 0:00:49]} Rxd6 {[%emt 0:00:00]} 30. Bf4 {[%emt 0:00:03]} Rd7 {[%emt 0:00:21]} 31. Kf3 {[%emt 0:00:19]} Nd5 {[%emt 0:00:06]} 32. Bc1 {[%emt 0:00:09]} Re5 {[%emt 0:00:37]} 33. f6 {[%emt 0:00:09]} Nc7 {[%emt 0:00:17]} 34. Bf4 {[%emt 0:00:03]} Re6 {[%emt 0:00:10]} 35. Bf5 {[%emt 0:00:04]} c4 {[%emt 0:00:05]} 36. Bxc7 {[%emt 0:00:04]} Rxc7 {[%emt 0:00:04]} 37. Bxe6 {[%emt 0:00:01]} fxe6 {[%emt 0:00:01]} 38. Rd1 {[%emt 0:00:02]} Kf7 {[%emt 0:00:06]} 39. Rd8 {[%emt 0:00:07]} Kg6 {[%emt 0:00:09]} 40. h4 {[%emt 0:00:03]} e5 {[%emt 0:00:04]} 41. Rg8+ {[%emt 0:00:06]} Kf5 {[%emt 0:00:04]} 42. Rg7 {[%emt 0:00:04]} e4+ {[%emt 0:00:01]} 43. Ke2 {[%emt 0:00:02]} Rc8 {[%emt 0:00:09]} 44. f7 {[%emt 0:00:01]} Rf8 {[%emt 0:00:04]} 45. Rxh7 {[%emt 0:00:02]} Kg6 {[%emt 0:00:00]} 46. Rh6+ {[%emt 0:00:03]} Kf5 {[%emt 0:00:08]} 47. Rf6+ {[%emt 0:00:04]} Ke5 {[%emt 0:00:07]} 48. Rf1 {[%emt 0:00:02]} Ke6 {[%emt 0:00:08]} 49. g6 {[%emt 0:00:01]} 1-0

[Event "British KO-ch Pre 2019"]
[Site "London"]
[Date "2019.11.30"]
[Round "4.4"]
[White "Golding, Alex"]
[Black "Clarke, Brandon G I"]
[Result "0-1"]
[WhiteElo "2306"]
[BlackElo "2431"]
[Annotator "NA"]
[PlyCount "78"]
[EventDate "2019.11.30"]
[EventType "k.o."]
[EventCountry "ENG"]
[SourceTitle "playchess.com"]
[Source "ChessBase"]
[SourceQuality "1"]
[TimeControl "600+5"]

1. e4 {[%emt 0:00:00]} c5 {[%emt 0:00:00]} 2. c4 {[%emt 0:00:01]} d6 {[%emt 0:00:03]} 3. Ne2 {[%emt 0:00:04]} Nf6 {[%emt 0:01:23]} 4. Nbc3 {[%emt 0:00:01]} Nc6 {[%emt 0:00:27]} 5. d4 {[%emt 0:00:16]} cxd4 6. Nxd4 {[%emt 0:00:01]} g6 {[%emt 0:00:13]} 7. Be2 {[%emt 0:00:08]} Nxd4 8. Qxd4 {[%emt 0:00:05]} Bg7 {[%emt 0:00:11]} 9. Be3 {[%emt 0:00:20]} O-O {[%emt 0:00:02]} 10. Qd2 {[%emt 0:00:02]} a5 {[%emt 0:00:19]} 11. O-O {[%emt 0:00:04]} a4 {[%emt 0:00:12]} 12. b4 {[%emt 0:00:23]} axb3 {[%emt 0:00:37]} 13. axb3 {[%emt 0:00:02]} Rxa1 {[%emt 0:00:02]} 14. Rxa1 {[%emt 0:00:18]} Nxe4 {[%emt 0:00:01]} 15. Nxe4 {[%emt 0:00:29]} Bxa1 {[%emt 0:00:02]} 16. Bf3 {[%emt 0:01:00]} Bg7 {[%emt 0:00:18]} 17. Qb4 {[%emt 0:00:06]} Qc7 {[%emt 0:01:05]} 18. Nc3 {[%emt 0:00:16]} Be6 {[%emt 0:00:20]} 19. Nb5 {[%emt 0:00:17]} Qd7 {[%emt 0:00:03]} 20. h4 {[%emt 0:00:17]} Bg4 {[%emt 0:00:37]} 21. Bd5 {[%emt 0:01:16]} e6 {[%emt 0:01:28]} 22. Be4 {[%emt 0:00:02]} d5 {[%emt 0:00:02]} 23. cxd5 {[%emt 0:00:28]} exd5 {[%emt 0:00:19]} 24. Bd3 {[%emt 0:00:01]} Ra8 {[%emt 0:00:46]} 25. Bd4 {[%emt 0:00:21]} Rc8 {[%emt 0:00:50]} 26. Nc3 {[%emt 0:00:39]} Be6 {[%emt 0:01:13]} 27. h5 {[%emt 0:00:20]} Qc7 {[%emt 0:00:46]} 28. Bxg7 {[%emt 0:00:34]} Kxg7 {[%emt 0:00:01]} 29. Qd4+ {[%emt 0:00:06]} f6 {[%emt 0:00:10]} 30. Nxd5 {[%emt 0:02:00]} Qe5 {[%emt 0:00:03]} 31. Nf4 {[%emt 0:00:11]} Rc1+ {[%emt 0:00:19]} 32. Kh2 {[%emt 0:00:21]} Bf7 {[%emt 0:00:16]} 33. h6+ {[%emt 0:00:46]} Kxh6 {[%emt 0:00:08]} 34. Qb4 {[%emt 0:00:03]} Kg7 {[%emt 0:00:14]} 35. g3 {[%emt 0:00:39]} Qe1 {[%emt 0:00:02]} 36. Qxb7 {[%emt 0:00:07]} Qxf2+ {[%emt 0:00:12]} 37. Kh3 {[%emt 0:00:07]} Rg1 {[%emt 0:00:13]} 38. Ne2 {[%emt 0:00:49]} Qf1+ {[%emt 0:00:01]} 39. Kg4 {[%emt 0:00:05]} f5+ {[%emt 0:00:10]} 0-1

[Event "British KO-ch Pre 2019"]
[Site "London"]
[Date "2019.11.30"]
[Round "4.5"]
[White "Merry, Alan B"]
[Black "Willow, Jonah B"]
[Result "1-0"]
[WhiteElo "2426"]
[BlackElo "2345"]
[Annotator "NA"]
[PlyCount "57"]
[EventDate "2019.11.30"]
[EventType "k.o."]
[EventCountry "ENG"]
[SourceTitle "playchess.com"]
[Source "ChessBase"]
[SourceQuality "1"]
[TimeControl "600+5"]

1. c4 {[%emt 0:00:00]} c5 {[%emt 0:00:00]} 2. Nf3 {[%emt 0:00:00]} Nc6 {[%emt 0:00:00]} 3. d4 {[%emt 0:00:00]} cxd4 {[%emt 0:00:00]} 4. Nxd4 {[%emt 0:00:00]} g6 {[%emt 0:00:00]} 5. e4 {[%emt 0:00:06]} Nf6 {[%emt 0:00:02]} 6. Nc3 {[%emt 0:00:01]} d6 {[%emt 0:00:01]} 7. Be2 {[%emt 0:00:04]} Nxd4 {[%emt 0:00:01]} 8. Qxd4 {[%emt 0:00:01]} Bg7 {[%emt 0:00:01]} 9. Bg5 {[%emt 0:00:03]} O-O {[%emt 0:00:04]} 10. Qe3 {[%emt 0:00:03]} a5 {[%emt 0:00:12]} 11. O-O {[%emt 0:00:03]} a4 {[%emt 0:00:03]} 12. Rad1 {[%emt 0:01:27]} Qa5 {[%emt 0:00:05]} 13. Bxf6 {[%emt 0:00:22]} Bxf6 {[%emt 0:00:25]} 14. Nd5 {[%emt 0:00:02]} Bxb2 {[%emt 0:00:34]} 15. Nxe7+ {[%emt 0:00:10]} Kg7 {[%emt 0:00:02]} 16. Nxc8 {[%emt 0:00:35]} Raxc8 {[%emt 0:00:04]} 17. Rxd6 {[%emt 0:00:03]} Rc7 {[%emt 0:00:31]} 18. Rfd1 {[%emt 0:00:15]} Re8 {[%emt 0:00:27]} 19. R6d5 {[%emt 0:01:47]} Qa6 {[%emt 0:00:51]} 20. f4 {[%emt 0:00:51]} Rce7 {[%emt 0:00:26]} 21. e5 {[%emt 0:00:13]} Qc6 {[%emt 0:01:36]} 22. a3 {[%emt 0:01:16]} f6 {[%emt 0:00:50]} 23. Rd6 {[%emt 0:01:22]} Qc7 {[%emt 0:01:27]} 24. R6d2 {[%emt 0:01:20]} Bxe5 {[%emt 0:02:14]} 25. fxe5 {[%emt 0:00:05]} Rxe5 {[%emt 0:00:02]} 26. Rd7+ {[%emt 0:00:25]} Kg8 {[%emt 0:00:10]} 27. Rxc7 {[%emt 0:00:39]} Rxe3 {[%emt 0:00:01]} 28. Bf3 {[%emt 0:00:06]} Rxa3 {[%emt 0:00:08]} 29. Rdd7 {[%emt 0:00:10]} 1-0

[Event "British KO-ch Pre 2019"]
[Site "London"]
[Date "2019.11.30"]
[Round "4.6"]
[White "Taylor, Adam C"]
[Black "McPhillips, Joseph"]
[Result "1-0"]
[WhiteElo "2371"]
[BlackElo "2434"]
[Annotator "NA"]
[PlyCount "137"]
[EventDate "2019.11.30"]
[EventType "k.o."]
[EventCountry "ENG"]
[SourceTitle "playchess.com"]
[Source "ChessBase"]
[SourceQuality "1"]
[TimeControl "600+5"]

1. Nf3 {[%emt 0:00:00]} Nf6 {[%emt 0:00:00]} 2. c4 {[%emt 0:00:00]} g6 {[%emt 0:00:00]} 3. b3 {[%emt 0:00:00]} d6 {[%emt 0:00:05]} 4. d4 {[%emt 0:00:01]} Bg7 {[%emt 0:00:01]} 5. Bb2 {[%emt 0:00:01]} O-O {[%emt 0:00:02]} 6. g3 {[%emt 0:00:02]} Nc6 {[%emt 0:00:10]} 7. Bg2 {[%emt 0:00:04]} Bf5 {[%emt 0:01:50]} 8. O-O {[%emt 0:00:06]} e5 {[%emt 0:00:58]} 9. dxe5 dxe5 {[%emt 0:00:02]} 10. Nxe5 {[%emt 0:00:59]} Nb4 {[%emt 0:02:22]} 11. Nc3 {[%emt 0:02:39]} Qe7 {[%emt 0:00:20]} 12. Nd3 {[%emt 0:00:05]} Rad8 {[%emt 0:00:19]} 13. Nd5 Nfxd5 {[%emt 0:00:09]} 14. Bxg7 {[%emt 0:00:45]} Kxg7 {[%emt 0:00:30]} 15. cxd5 {[%emt 0:00:01]} Nxd5 {[%emt 0:00:24]} 16. Qc2 {[%emt 0:00:23]} Kg8 {[%emt 0:00:18]} 17. Rac1 {[%emt 0:01:43]} Bxd3 {[%emt 0:00:13]} 18. exd3 {[%emt 0:00:45]} c6 {[%emt 0:00:01]} 19. Rfe1 {[%emt 0:00:03]} Qf6 {[%emt 0:00:08]} 20. Qc5 {[%emt 0:00:32]} Nb6 {[%emt 0:00:12]} 21. Qe7 {[%emt 0:00:11]} Qxe7 {[%emt 0:00:19]} 22. Rxe7 {[%emt 0:00:02]} Rd7 {[%emt 0:00:01]} 23. Rxd7 {[%emt 0:00:40]} Nxd7 {[%emt 0:00:01]} 24. d4 {[%emt 0:00:05]} Nf6 {[%emt 0:00:09]} 25. Re1 {[%emt 0:00:24]} Rd8 {[%emt 0:00:34]} 26. Re7 Rxd4 {[%emt 0:00:09]} 27. Rxb7 {[%emt 0:00:20]} Rd1+ {[%emt 0:00:02]} 28. Bf1 {[%emt 0:00:01]} Ne4 {[%emt 0:00:01]} 29. Kg2 {[%emt 0:00:16]} Rd2 {[%emt 0:00:09]} 30. Rxa7 {[%emt 0:00:32]} Rxf2+ {[%emt 0:00:02]} 31. Kg1 {[%emt 0:00:01]} Rb2 {[%emt 0:00:02]} 32. Bc4 {[%emt 0:00:07]} Ng5 {[%emt 0:00:03]} 33. h4 {[%emt 0:00:05]} Nf3+ {[%emt 0:00:02]} 34. Kf1 {[%emt 0:00:09]} Nd2+ {[%emt 0:00:25]} 35. Ke1 {[%emt 0:00:31]} Nxc4 {[%emt 0:00:03]} 36. bxc4 {[%emt 0:00:03]} Rb4 {[%emt 0:00:02]} 37. a4 {[%emt 0:00:35]} Rxc4 {[%emt 0:00:03]} 38. a5 {[%emt 0:00:01]} Rc2 {[%emt 0:00:17]} 39. a6 {[%emt 0:00:19]} Ra2 {[%emt 0:00:03]} 40. Kd1 {[%emt 0:00:01]} Kg7 {[%emt 0:00:01]} 41. Kc1 {[%emt 0:00:01]} Ra3 {[%emt 0:00:06]} 42. Kb2 {[%emt 0:00:14]} Ra5 {[%emt 0:01:10]} 43. Kb3 {[%emt 0:00:08]} c5 {[%emt 0:00:03]} 44. Kc4 {[%emt 0:00:06]} h6 {[%emt 0:00:05]} 45. Kd5 {[%emt 0:00:04]} g5 {[%emt 0:00:09]} 46. Kc6 {[%emt 0:00:17]} g4 {[%emt 0:00:36]} 47. Kb6 {[%emt 0:00:08]} Ra3 {[%emt 0:00:01]} 48. Rc7 {[%emt 0:00:07]} Rb3+ {[%emt 0:00:09]} 49. Kc6 {[%emt 0:00:12]} Rxg3 {[%emt 0:00:06]} 50. a7 {[%emt 0:00:08]} Ra3 {[%emt 0:00:06]} 51. Kb7 {[%emt 0:00:04]} Rb3+ {[%emt 0:00:18]} 52. Kc8 {[%emt 0:00:01]} Ra3 {[%emt 0:00:04]} 53. Kb8 {[%emt 0:00:01]} g3 {[%emt 0:00:01]} 54. Rxc5 {[%emt 0:00:13]} f5 {[%emt 0:00:01]} 55. Rc3 {[%emt 0:00:06]} Rxa7 {[%emt 0:01:02]} 56. Rxg3+ {[%emt 0:00:02]} Kf6 {[%emt 0:00:01]} 57. Kxa7 {[%emt 0:00:01]} f4 {[%emt 0:00:03]} 58. Rg8 {[%emt 0:00:09]} Kf5 {[%emt 0:00:02]} 59. Kb6 {[%emt 0:00:09]} f3 {[%emt 0:00:11]} 60. Kc5 {[%emt 0:00:02]} h5 {[%emt 0:00:04]} 61. Kd5 {[%emt 0:00:03]} Kf4 {[%emt 0:00:01]} 62. Ke6 {[%emt 0:00:05]} f2 {[%emt 0:00:05]} 63. Rg5 {[%emt 0:00:06]} f1=Q {[%emt 0:00:09]} 64. Rf5+ {[%emt 0:00:01]} Kg4 {[%emt 0:00:01]} 65. Rxf1 {[%emt 0:00:02]} Kxh4 {[%emt 0:00:01]} 66. Rg1 {[%emt 0:00:15]} Kh3 {[%emt 0:00:02]} 67. Kf5 {[%emt 0:00:01]} Kh2 {[%emt 0:00:02]} 68. Rg5 {[%emt 0:00:03]} h4 {[%emt 0:00:01]} 69. Kg4 {[%emt 0:00:05]} 1-0

[Event "British KO-ch Pre 2019"]
[Site "London"]
[Date "2019.11.30"]
[Round "4.7"]
[White "Head, Louise"]
[Black "Pein, Jonathan"]
[Result "1-0"]
[WhiteElo "2100"]
[BlackElo "2151"]
[Annotator "NA"]
[PlyCount "97"]
[EventDate "2019.11.30"]
[EventType "k.o."]
[EventCountry "ENG"]
[SourceTitle "playchess.com"]
[Source "ChessBase"]
[SourceQuality "1"]
[TimeControl "600+5"]

1. d4 {[%emt 0:00:00]} Nf6 {[%emt 0:00:00]} 2. c4 {[%emt 0:00:00]} b6 {[%emt 0:00:00]} 3. Nc3 {[%emt 0:00:10]} Bb7 {[%emt 0:00:00]} 4. Nf3 {[%emt 0:00:11]} Ne4 {[%emt 0:00:01]} 5. Nxe4 {[%emt 0:00:18]} Bxe4 {[%emt 0:00:01]} 6. Nd2 {[%emt 0:00:13]} Bb7 {[%emt 0:00:00]} 7. Qc2 {[%emt 0:00:09]} g6 {[%emt 0:00:01]} 8. b3 {[%emt 0:00:37]} Bg7 {[%emt 0:00:09]} 9. Bb2 {[%emt 0:00:01]} O-O {[%emt 0:00:38]} 10. e4 {[%emt 0:00:04]} Nc6 {[%emt 0:00:01]} 11. Nf3 {[%emt 0:01:02]} Nb4 {[%emt 0:00:17]} 12. Qd2 {[%emt 0:00:29]} a5 {[%emt 0:00:50]} 13. a3 {[%emt 0:00:06]} Na6 {[%emt 0:00:02]} 14. Bd3 {[%emt 0:00:03]} d6 {[%emt 0:00:10]} 15. O-O {[%emt 0:00:14]} e5 {[%emt 0:01:01]} 16. Bc2 {[%emt 0:01:03]} exd4 {[%emt 0:00:36]} 17. Bxd4 {[%emt 0:00:04]} Nc5 {[%emt 0:00:04]} 18. Bxg7 Kxg7 {[%emt 0:00:01]} 19. Rfe1 {[%emt 0:00:30]} Re8 {[%emt 0:00:14]} 20. Qd4+ {[%emt 0:00:18]} Qf6 {[%emt 0:00:07]} 21. Qxf6+ Kxf6 {[%emt 0:00:02]} 22. Nd2 {[%emt 0:00:32]} Re7 {[%emt 0:00:19]} 23. f3 {[%emt 0:00:04]} Kg7 {[%emt 0:00:40]} 24. Nf1 {[%emt 0:00:27]} Rae8 {[%emt 0:01:14]} 25. Kf2 {[%emt 0:00:02]} Ne6 {[%emt 0:00:55]} 26. Rad1 {[%emt 0:00:57]} h5 {[%emt 0:00:50]} 27. Ne3 {[%emt 0:00:11]} f6 {[%emt 0:01:09]} 28. Rd2 {[%emt 0:01:04]} Kf7 {[%emt 0:00:05]} 29. Nd5 {[%emt 0:01:02]} Bxd5 {[%emt 0:00:16]} 30. Rxd5 {[%emt 0:00:12]} Nf4 {[%emt 0:00:47]} 31. Rdd1 {[%emt 0:00:24]} g5 {[%emt 0:00:21]} 32. g3 {[%emt 0:00:15]} Ne6 {[%emt 0:00:17]} 33. h3 {[%emt 0:00:21]} Nc5 {[%emt 0:00:46]} 34. b4 {[%emt 0:00:20]} axb4 {[%emt 0:00:14]} 35. axb4 {[%emt 0:00:01]} Na6 {[%emt 0:00:02]} 36. Rb1 {[%emt 0:00:16]} Nb8 {[%emt 0:00:07]} 37. Bb3 {[%emt 0:00:07]} Kg7 38. Rbc1 {[%emt 0:00:06]} Nc6 {[%emt 0:00:04]} 39. Ba4 {[%emt 0:00:04]} Nxb4 {[%emt 0:00:05]} 40. Bxe8 {[%emt 0:00:07]} Nd3+ {[%emt 0:00:02]} 41. Ke3 {[%emt 0:00:08]} Nxe1 {[%emt 0:00:05]} 42. Bxh5 {[%emt 0:00:04]} f5 {[%emt 0:00:19]} 43. Rxe1 {[%emt 0:00:11]} Kh6 44. g4 {[%emt 0:00:00]} c6 {[%emt 0:00:10]} 45. Rd1 {[%emt 0:00:00]} fxe4 {[%emt 0:00:07]} 46. Rxd6+ {[%emt 0:00:00]} Kg7 {[%emt 0:00:02]} 47. fxe4 b5 48. Rxc6 {[%emt 0:00:05]} bxc4 49. Rxc4 {[%emt 0:00:02]} 1-0

[Event "British KO-ch Pre 2019"]
[Site "London"]
[Date "2019.11.30"]
[Round "4.8"]
[White "Kalaiyalahan, Akshaya"]
[Black "Toma, Katarzyna"]
[Result "0-1"]
[WhiteElo "2154"]
[BlackElo "2272"]
[Annotator "NA"]
[PlyCount "46"]
[EventDate "2019.11.30"]
[EventType "k.o."]
[EventCountry "ENG"]
[SourceTitle "playchess.com"]
[Source "ChessBase"]
[SourceQuality "1"]
[TimeControl "600+5"]

1. Nf3 {[%emt 0:00:00]} Nf6 {[%emt 0:00:00]} 2. g3 {[%emt 0:00:00]} g6 {[%emt 0:00:00]} 3. Bg2 {[%emt 0:00:00]} Bg7 {[%emt 0:00:00]} 4. O-O {[%emt 0:00:02]} O-O {[%emt 0:00:00]} 5. d4 {[%emt 0:00:03]} d5 {[%emt 0:00:02]} 6. c4 {[%emt 0:00:18]} dxc4 {[%emt 0:00:02]} 7. Na3 {[%emt 0:00:17]} c5 {[%emt 0:00:22]} 8. Nxc4 {[%emt 0:01:12]} Be6 {[%emt 0:00:50]} 9. Ne3 {[%emt 0:00:46]} Nc6 {[%emt 0:01:59]} 10. dxc5 {[%emt 0:00:56]} Qa5 {[%emt 0:00:44]} 11. Ng5 {[%emt 0:04:02]} Bd7 {[%emt 0:00:25]} 12. Ne4 {[%emt 0:00:22]} Rfd8 {[%emt 0:00:28]} 13. Nxf6+ {[%emt 0:00:04]} Bxf6 {[%emt 0:00:01]} 14. Qe1 {[%emt 0:01:25]} Qxc5 {[%emt 0:00:16]} 15. Nd5 {[%emt 0:00:26]} Bg7 {[%emt 0:02:38]} 16. Be3 {[%emt 0:00:13]} Nd4 {[%emt 0:00:34]} 17. Rc1 {[%emt 0:00:34]} Qd6 {[%emt 0:00:08]} 18. Bf4 {[%emt 0:00:32]} e5 {[%emt 0:00:26]} 19. Bd2 {[%emt 0:00:07]} Bb5 {[%emt 0:00:53]} 20. Nc3 {[%emt 0:00:10]} Nxe2+ {[%emt 0:00:21]} 21. Nxe2 {[%emt 0:00:03]} Qxd2 {[%emt 0:00:02]} 22. Nc3 {[%emt 0:00:10]} Bxf1 {[%emt 0:00:12]} 23. Qxf1 {[%emt 0:00:03]} Rac8 {[%emt 0:00:16]} 0-1

[Event "British KO-ch Pre 2019"]
[Site "London"]
[Date "2019.11.30"]
[Round "5.1"]
[White "Harvey, Marcus R"]
[Black "Wadsworth, Matthew J"]
[Result "1-0"]
[WhiteElo "2405"]
[BlackElo "2401"]
[Annotator "NA"]
[PlyCount "93"]
[EventDate "2019.11.30"]
[EventType "k.o."]
[EventCountry "ENG"]
[SourceTitle "playchess.com"]
[Source "ChessBase"]
[SourceQuality "1"]
[TimeControl "600+5"]

1. Nf3 {[%emt 0:00:00]} d5 {[%emt 0:00:00]} 2. g3 {[%emt 0:00:06]} Nf6 {[%emt 0:00:05]} 3. Bg2 {[%emt 0:00:00]} c6 {[%emt 0:00:01]} 4. O-O {[%emt 0:00:02]} Bf5 {[%emt 0:00:12]} 5. d3 {[%emt 0:00:01]} h6 {[%emt 0:00:05]} 6. Nbd2 {[%emt 0:00:09]} e6 {[%emt 0:00:13]} 7. c3 {[%emt 0:00:06]} Be7 {[%emt 0:00:08]} 8. Qb3 {[%emt 0:00:18]} Qb6 {[%emt 0:00:09]} 9. a4 {[%emt 0:00:09]} Nbd7 {[%emt 0:00:52]} 10. a5 {[%emt 0:00:01]} Qxb3 11. Nxb3 {[%emt 0:00:01]} a6 {[%emt 0:00:07]} 12. Nfd2 {[%emt 0:00:50]} Nc5 {[%emt 0:00:36]} 13. Nxc5 Bxc5 {[%emt 0:00:03]} 14. e4 {[%emt 0:00:12]} Bh7 {[%emt 0:00:19]} 15. d4 {[%emt 0:00:12]} Be7 {[%emt 0:00:32]} 16. e5 {[%emt 0:00:12]} Nd7 {[%emt 0:00:04]} 17. b4 {[%emt 0:00:03]} Bd3 {[%emt 0:00:34]} 18. Re1 {[%emt 0:00:01]} g5 {[%emt 0:00:26]} 19. Nb3 {[%emt 0:00:33]} Bc4 {[%emt 0:00:23]} 20. Rb1 {[%emt 0:00:09]} g4 {[%emt 0:00:47]} 21. h3 {[%emt 0:00:17]} h5 {[%emt 0:00:08]} 22. h4 {[%emt 0:00:40]} O-O-O {[%emt 0:00:19]} 23. Bf1 {[%emt 0:00:44]} Bxb3 24. Rxb3 {[%emt 0:00:02]} Nf8 {[%emt 0:00:16]} 25. Bd3 {[%emt 0:00:12]} Ng6 {[%emt 0:00:23]} 26. Kf1 {[%emt 0:00:17]} Rdg8 {[%emt 0:00:20]} 27. Rb2 {[%emt 0:00:10]} Kd7 {[%emt 0:00:31]} 28. Rbe2 {[%emt 0:00:12]} Rg7 {[%emt 0:00:15]} 29. Re3 {[%emt 0:00:12]} Rgg8 {[%emt 0:00:32]} 30. Ke2 {[%emt 0:00:21]} Rg7 {[%emt 0:00:49]} 31. Kd1 {[%emt 0:00:06]} Ke8 {[%emt 0:00:31]} 32. Bd2 {[%emt 0:00:06]} Rgg8 {[%emt 0:00:14]} 33. f4 {[%emt 0:00:34]} Nxf4 {[%emt 0:01:09]} 34. gxf4 Bxh4 {[%emt 0:00:01]} 35. Rf1 {[%emt 0:00:31]} Be7 {[%emt 0:00:41]} 36. Rh1 {[%emt 0:00:32]} h4 {[%emt 0:00:02]} 37. Be1 {[%emt 0:00:18]} g3 {[%emt 0:00:14]} 38. Rg1 {[%emt 0:01:05]} Rg4 {[%emt 0:00:27]} 39. Rf3 {[%emt 0:00:17]} Rhg8 {[%emt 0:00:17]} 40. Bf1 {[%emt 0:00:06]} g2 {[%emt 0:00:20]} 41. Be2 {[%emt 0:00:15]} Kf8 {[%emt 0:00:01]} 42. Kd2 {[%emt 0:00:20]} Ke8 {[%emt 0:00:08]} 43. Ke3 {[%emt 0:00:06]} Bf8 {[%emt 0:00:07]} 44. Rh3 {[%emt 0:00:06]} R4g6 {[%emt 0:00:07]} 45. Rxh4 {[%emt 0:00:14]} Bh6 {[%emt 0:00:01]} 46. Bh5 {[%emt 0:00:09]} R6g7 {[%emt 0:00:11]} 47. Bxf7+ {[%emt 0:00:04]} 1-0